000 00962nam a2200301Ia 4500
001 Para_7596
003 CHAP
008 220125s1902 xx 000 0 und d
010 _a206510
040 _cCHAP
082 _aPA-C 632.7 B85
100 _aWoodworth, C.W.
_9122581
245 _aGrasshoppersin California /
_c by C.W. Woodworth
260 _aSacramento :
_b University of California. College of Agriculture. Agricultural Experiment Station
300 _a36 p.
440 _aCalifornia Agr. Exp. Sta. Bulletin; 142
_9172806
500 _aEncuadernado con otros impresos similares
650 _aAgricultura
_x California
_xcolecciones de escritos
_9172776
650 _aAgricultura
_x California
_xplagas
_9172777
650 _aChapulines
_921941
901 _aPA-C 632.7 B85
902 _aA
905 _a0000001902 0000000000 00
910 _a1902
942 _cPARA
942 _cPARA
_d1
999 _c206510
_d206510